Tv show by picture #3 - Statistics

General Stats
  • This quiz has been taken 57 times
  • The average score is 6 of 16
Answer Stats
Picture Answer % Correct
family guy
88%
two and a half men
88%
Young sheldon
84%
Sponge bob
67%
stranger things
65%
the winter king
57%
Glee
39%
fresh prince of bel air
37%
Emily in Paris
35%
the Middle
27%
Obi Wan Kenobi
22%
Murder she wrote
16%
only murders in the building
14%
Atlanta Medical
2%
Mysterious Mermaids
0%
This is us
0%
No matching quizzes found
Score Distribution
Percent of People with Each Score
Percentile by Number Answered
Your Score History
You have not taken this quiz